000 01003pab a2200169 454500
008 180718b2002 xxu||||| |||| 00| 0 eng d
100 _aBhavani, T.A.
245 _aSmall-scale units in the era of globalisation: problems and prospects
260 _c2002
300 _ap.3041-052.
362 _a20 Jul
520 _aThis paper focuses on the ongoing changes in the business environment and the analysis of their implications for small-scale units. Specifically, it looks at possible ways of improving the competitive strength and commercial viability of small-scale units in the changing context. For this, substantial improvements will be needed in technology, such as mechanisation, organisation and information and the revamping of policy measures to encourage the growth of small units through collective efforts, ending their isolated mode of operation. - Reproduced.
650 _aGlobalization
650 _aSmall scale industry
773 _aEconomic and Political Weekly
909 _a53165
999 _c53165
_d53165